| 000 | 00455nam a2200181Ia 4500 | ||
|---|---|---|---|
| 001 | 5124 | ||
| 005 | 20260306145845.0 | ||
| 008 | 260306t2009||||xx |||||||||||||| ||spa|| | ||
| 041 | _aESP | ||
| 082 |
_a333.717 _bA159 |
||
| 100 |
_aAlves de Santana, Edvaldo _eAUT |
||
| 245 | 0 |
_aEnergía: _bdesarrollos regulatorios en iberoamérica |
|
| 260 | _c2009 | ||
| 300 |
_a391 páginas : _c24 cm. |
||
| 650 | _aGEN | ||
| 654 | _aCAN | ||
| 942 |
_cLIB _dJUS _fJUS _2ddc _n |
||
| 999 |
_c5124 _d5124 |
||